000 00737nam a22002297a 4500
003 DO-SdBNP
005 20230301082344.0
008 110301s202u dr c 000 0 spa d
020 _a9789945615364
040 _aDO-SdBNP
_bspa
_cBNPHU
082 4 _axxxx
_bxxx
110 1 _aFe y Alegría República Dominicana
_980848
245 1 0 _aVia Lucis del cuidado /
_cFederación Nacional Fe y Alegría
246 1 2 _aVia lucis del cuidado :
_bcon Jesús hacia Emaús caminando hacia la luz /
260 _aSanto Domingo :
_bFe y alegría,
_c[20--].
300 _a70 p. :
_bretr.
_c28 cm.
490 1 _aCuidado infinito
590 _aInventariado, 2022/ YL
830 0 _aCuidado infinito
_978133
910 _aYLockward
942 _2ddc
_cLBS1
999 _c51582
_d51582